[Event "Sundsvall op"]
[Site "Sundsvall"]
[Date "1999.??.??"]
[Round "3"]
[White "Johnsson, Thomas Sundsvall"]
[Black "Malmdin, Nils Ake"]
[Result "1/2-1/2"]
[WhiteElo "2170"]
[BlackElo "2155"]
[PlyCount "40"]
[EventDate "1999.01.??"]
[EventType "swiss"]
[EventRounds "7"]
[EventCountry "SWE"]
[SourceTitle "EXT 2000"]
[Source "ChessBase"]
[SourceDate "1999.11.16"]
[SourceVersion "1"]
[SourceVersionDate "1999.11.16"]
[SourceQuality "1"]

1. Nf3 Nf6 2. c4 g6 3. Nc3 Bg7 4. g3 0-0 5. Bg2 d6 6. d4 Nc6 7. 0-0 a6 8. Re1 Rb8 9. Rb1 Na5 10. Qa4 b6 11. Nd5 Bd7 12. Qc2 c5 13. dxc5 bxc5 14. b3 Bf5 15. Nxf6+ Bxf6 16. e4 Bg4 17. Bh6 Re8 18. h3 Bxf3 19. Bxf3 Nc6 20. Qd2 Qa5 1/2-1/2

[Event "Lund"]
[Site "Lund"]
[Date "1998.07.24"]
[Round "8"]
[White "Finnlaugsson, Gunnar"]
[Black "Johnsson, Thomas Sundsvall"]
[Result "1/2-1/2"]
[WhiteElo "2215"]
[BlackElo "2140"]
[PlyCount "114"]
[EventDate "1998.??.??"]
[EventType "tourn"]
[EventRounds "11"]
[EventCountry "SWE"]
[SourceTitle "EXT 2000"]
[Source "ChessBase"]
[SourceDate "1999.11.16"]
[SourceVersion "1"]
[SourceVersionDate "1999.11.16"]
[SourceQuality "1"]

1. e4 c5 2. Nf3 d6 3. d4 cxd4 4. Nxd4 Nf6 5. Nc3 g6 6. Be3 Bg7 7. h3 0-0 8. Bc4 Nc6 9. Bb3 Bd7 10. 0-0 Nxd4 11. Bxd4 Bc6 12. Re1 Nd7 13. Bxg7 Kxg7 14. Qd4+ Kg8 15. Rad1 Nc5 16. Bd5 Qb6 17. b3 Ne6 18. Bxe6 fxe6 19. Qxb6 axb6 20. a4 Bd7 21. Re3 Rac8 22. Kf1 Rc5 23. Ke1 Rfc8 24. Rdd3 b5 25. axb5 Bxb5 26. Nxb5 Rxb5 27. Rc3 Rbc5 28. Kd2 e5 29. Rxc5 Rxc5 30. Re1 Ra5 31. Kc3 Rc5+ 32. Kb2 Kf7 33. Ra1 e6 34. Ra7 Rc7 35. Kc1 Kf6 36. Kd2 d5 37. Ra4 Kg5 38. h4+ Kf6 39. Rb4 Ke7 40. Kd3 Kf6 41. c4 d4 42. Rb5 h6 43. b4 g5 44. hxg5+ hxg5 45. Ra5 Rh7 46. f3 Rh2 47. Ra2 g4 48. fxg4 Rh4 49. c5 Rxg4 50. Ra7 Rg3+ 51. Ke2 Re3+ 52. Kf2 Rxe4 53. Rxb7 d3 54. b5 Rc4 55. c6 e4 56. Ke3 Ke5 57. Rh7 Rc2 1/2-1/2

[Event "Lund"]
[Site "Lund"]
[Date "1998.07.19"]
[Round "7"]
[White "Johnsson, Thomas Sundsvall"]
[Black "Bouaziz, Nejib"]
[Result "0-1"]
[WhiteElo "2140"]
[BlackElo "2140"]
[PlyCount "111"]
[EventDate "1998.??.??"]
[EventType "tourn"]
[EventRounds "11"]
[EventCountry "SWE"]
[SourceTitle "EXT 2000"]
[Source "ChessBase"]
[SourceDate "1999.11.16"]
[SourceVersion "1"]
[SourceVersionDate "1999.11.16"]
[SourceQuality "1"]

1. e4 c5 2. Nf3 d6 3. d4 cxd4 4. Nxd4 Nf6 5. Nc3 a6 6. Bc4 e6 7. Bb3 Qc7 8. 0-0 Be7 9. Be3 Nc6 10. f3 Na5 11. Qe2 Bd7 12. Rad1 0-0 13. Qf2 b5 14. Nxe6 fxe6 15. Bb6 Qb7 16. Bxa5 b4 17. Na4 Bxa4 18. Bxa4 Nxe4 19. Qb6 Qxb6+ 20. Bxb6 Nf6 21. Rfe1 Kf7 22. Bb3 d5 23. Re2 Nd7 24. Rxe6 Nxb6 25. Rxb6 Bc5+ 26. Kf1 Bxb6 27. Bxd5+ Ke7 28. Bxa8 Rxa8 29. Re1+ Kd6 30. Re4 a5 31. Ke2 Ra7 32. Kd3 Rd7 33. c3 bxc3 34. Kxc3 Rc7+ 35. Kd3 Kd5 36. b4 axb4 37. Rxb4 Bc5 38. Rg4 h6 39. h4 Re7 40. a4 Re3+ 41. Kd2 Bd4 42. Rg6 Ra3 43. Ke2 Rxa4 44. Kd3 Ra3+ 45. Ke2 Kc4 46. Rc6+ Bc5 47. f4 Rg3 48. Rc7 Rxg2+ 49. Kf3 Rg1 50. Ke4 Re1+ 51. Kf5 Re7 52. Rc8 Kd5 53. Rd8+ Kc4 54. Rc8 Rf7+ 55. Ke4 Re7+ 56. Kf5 0-1